A Treatise on The Concepts of God/ (Record no. 205301)

MARC details
000 -LEADER
fixed length control field 00855 a2200265 4500
005 - DATE AND TIME OF LATEST TRANSACTION
control field 20240827125310.0
008 - FIXED-LENGTH DATA ELEMENTS--GENERAL INFORMATION
fixed length control field 080819t xxu||||| |||| 00| 0 eng d
010 ## - LCCN (DPL NO)
LC control number ENG-141463 ENG-141464
020 ## - INTERNATIONAL STANDARD BOOK NUMBER
International Standard Book Number 97881958967149Vol 1)
Terms of availability 400.00
020 ## - INTERNATIONAL STANDARD BOOK NUMBER
International Standard Book Number 9788195896707(Vol 2)
Terms of availability 400.00
035 ## - SYSTEM CONTROL NUMBER
System control number EN-124995
035 ## - SYSTEM CONTROL NUMBER
System control number EN-124996
037 ## - SOURCE OF ACQUISITION
Source of stock number/acquisition DBAD
040 ## - CATALOGING SOURCE
Original cataloging agency dpl
Language of cataloging English
082 ## - DEWEY DECIMAL CLASSIFICATION NUMBER
Classification number 230.2
Edition number 1
100 ## - MAIN ENTRY--PERSONAL NAME
9 (RLIN) 70564
Personal name Sharma, Krishan
245 ## - TITLE STATEMENT
Title A Treatise on The Concepts of God/
Statement of responsibility, etc By Krishan Sharma
260 ## - PUBLICATION, DISTRIBUTION, ETC. (IMPRINT)
Place of publication, distribution, etc Uttar Pradesh
Name of publisher, distributor, etc Sadhan Press
Date of publication, distribution, etc 2022
270 ## - ADDRESS
Address Ramashram Satsang,Dampier Nagar
City Mathura
State or province Uttar Pradesh
Postal code 281001
Telephone number 9319680800
300 ## - PHYSICAL DESCRIPTION
Extent xx,607p.:
Dimensions 23cm(hb)
300 ## - PHYSICAL DESCRIPTION
Extent xv,512p.:
Dimensions 23cm(hb)
490 ## - SERIES STATEMENT
Volume number/sequential designation Vol 1, Vol 2
500 ## - GENERAL NOTE
General note Based on Indian Philosophy
942 ## - ADDED ENTRY ELEMENTS (KOHA)
Institution code [OBSOLETE] dpl
Item type English Books
Source of classification or shelving scheme Dewey Decimal Classification
Classification part 230.2
Call number suffix SHA
Edition 1
Holdings
Withdrawn status Lost status Source of classification or shelving scheme Materials specified (bound volume or other part) Damaged status Not for loan Collection code Home library Current library Date acquired Source of acquisition Cost, normal purchase price Total Checkouts Full call number Barcode Date last seen Copy number Cost, replacement price Koha item type
    Dewey Decimal Classification VOL-1     Non-fiction Central Library Central Library 27/08/2024 Delivery of Books Act Division 400.00   230.2 SHA EN-124995 27/08/2024 1 400.00 English Books
    Dewey Decimal Classification VOL 2     Non-fiction Central Library Central Library 27/08/2024 Delivery of Books Act Division 400.00   230.2 SHA EN-124996 27/08/2024 1 400.00 English Books

© Delhi Public Library
Hit Counter
free hit counter